[Event "Wuertemberg-ch U12"]
[Site "Germany"]
[Date "2004.04.14"]
[Round "4"]
[White "Kurz, Kevin"]
[Black "Gheng, Hannelore"]
[Result "1-0"]
[WhiteElo "1015"]
[BlackElo "1092"]
[PlyCount "143"]
[EventDate "2004.04.??"]
[EventType "swiss"]
[EventRounds "7"]
[EventCountry "GER"]
[SourceTitle "EXT 2005"]
[Source "ChessBase"]
[SourceDate "2004.11.15"]
[SourceVersion "1"]
[SourceVersionDate "2004.11.15"]
[SourceQuality "1"]

1. e4 c5 2. Nf3 d6 3. d4 cxd4 4. Nxd4 Nf6 5. Nc3 g6 6. f3 Bg7 7. Be3 0-0 8. Qd2 Nc6 9. 0-0-0 Bd7 10. Bh6 Rc8 11. Bxg7 Kxg7 12. Be2 e5 13. Nb3 Nb4 14. Qxd6 Nc6 15. Nd5 Be6 16. Qxd8 Rcxd8 17. Nxf6 Kxf6 18. Nc5 b6 19. Nxe6 Kxe6 20. Bc4+ Kf6 21. Bd5 Nb4 22. c3 Nxd5 23. Rxd5 Ke6 24. Rhd1 Rxd5 25. Rxd5 f5 26. Rd2 fxe4 27. fxe4 Rf1+ 28. Rd1 Rf2 29. Rg1 Re2 30. a3 Rxe4 31. Kd2 Rf4 32. Ke2 e4 33. Rf1 Rxf1 34. Kxf1 e3 35. Ke2 Kd5 36. Kxe3 Kc4 37. Kd2 Kb3 38. Kc1 b5 39. g3 a5 40. Kb1 h5 41. h4 b4 42. cxb4 axb4 43. axb4 Kxb4 44. Kc2 Kc4 45. Kd2 Kd4 46. Ke2 Ke4 47. b4 Kd5 48. Ke3 Kc4 49. Ke4 Kxb4 50. Ke5 Kc4 51. Kf6 Kd4 52. Kxg6 Ke5 53. Kxh5 Kf5 54. g4+ Kf6 55. Kh6 Kf7 56. g5 Kg8 57. g6 Kh8 58. g7+ Kg8 59. h5 Kf7 60. Kh7 Ke6 61. g8Q+ Ke5 62. Qf8 Ke6 63. Kg6 Ke5 64. h6 Ke6 65. h7 Ke5 66. h8R Ke4 67. Rh7 Ke3 68. Re7+ Kd4 69. Qd8+ Kc5 70. Rc7+ Kb5 71. Qb8+ Ka5 72. Ra7# 1-0

[Event "Mainz Cafe m"]
[Site "Mainz"]
[Date "1997.??.??"]
[Round "2"]
[White "Kurz, Kevin"]
[Black "Thauer, Andreas"]
[Result "1-0"]
[WhiteElo "1935"]
[BlackElo "1635"]
[PlyCount "73"]
[EventDate "1997.??.??"]
[EventType "match"]
[EventRounds "6"]
[EventCountry "GER"]
[SourceTitle "EXT 2000"]
[Source "ChessBase"]
[SourceDate "1999.11.16"]
[SourceVersion "1"]
[SourceVersionDate "1999.11.16"]
[SourceQuality "1"]

1. d4 Nf6 2. c4 d6 3. Nc3 g6 4. e4 Bg7 5. f3 Nc6 6. Be3 0-0 7. Qd2 e5 8. d5 Ne7 9. g4 a6 10. Bd3 Rb8 11. Nge2 Bd7 12. a4 c6 13. Bh6 b5 14. Bxg7 Kxg7 15. axb5 axb5 16. b3 bxc4 17. bxc4 Qb6 18. h4 Rb7 19. h5 Qb2 20. h6+ Kh8 21. Rb1 Qxd2+ 22. Kxd2 Rfb8 23. Ke3 Nfg8 24. g5 f5 25. f4 fxe4 26. Bxe4 cxd5 27. cxd5 Nf5+ 28. Bxf5 Bxf5 29. Rxb7 Rxb7 30. Ra1 exf4+ 31. Nxf4 Rb8 32. Ra6 Re8+ 33. Kd4 Nxh6 34. gxh6 g5 35. Ne6 Bxe6 36. dxe6 Kg8 37. Rxd6 1-0